Abel Gholaerts. (Record no. 5808)

MARC details
000 -LEADER
fixed length control field 00508cam a22002051 4500
001 - CONTROL NUMBER
control field af 48003882
003 - CONTROL NUMBER IDENTIFIER
control field DLC
005 - DATE AND TIME OF LATEST TRANSACTION
control field 20260227110905.0
008 - FIXED-LENGTH DATA ELEMENTS--GENERAL INFORMATION
fixed length control field 890425s1944 ne 000 1 dut c
010 ## - LIBRARY OF CONGRESS CONTROL NUMBER
LC control number af 48003882
035 ## - SYSTEM CONTROL NUMBER
System control number (OCoLC)19601578
040 ## - CATALOGING SOURCE
Original cataloging agency California. Univ. Libr.
Transcribing agency CU
Modifying agency DLC
042 ## - AUTHENTICATION CODE
Authentication code premarc
050 00 - LIBRARY OF CONGRESS CALL NUMBER
Classification number PT6407.B57
Item number A7
100 1# - MAIN ENTRY--PERSONAL NAME
Personal name Boon, Louis Paul.
245 10 - TITLE STATEMENT
Title Abel Gholaerts.
260 ## - PUBLICATION, DISTRIBUTION, ETC.
Place of publication, distribution, etc. Brussel,
Name of publisher, distributor, etc. A. Manteau
Date of publication, distribution, etc. [1944]
300 ## - PHYSICAL DESCRIPTION
Extent 426 p.
Dimensions 22 cm.
500 ## - GENERAL NOTE
General note A novel.

No items available.

Powered by Koha